000 00673cam a2200277 4500
001 J616
008 090401t1992 xxu||||| |||| 00| 0 eng d
035 _a(Sirsi) u75787
041 _aeng
050 _a333.337095
110 _aJones Lang Wootton
_92909
245 _aAsia property digest. - January 1992 - July 1992
260 _aHong Kong
_bJones Lang Wootton
_c1992
300 _a2 pt. ; 30cm.
350 _a0
650 _aBANGKOK
650 _aHONG KONG
650 _aJAKARTA
650 _aKUALA LUMPUR
650 _aOFFICES
650 _aSINGAPORE
650 _aTAIPEI
690 _aOVERSEAS-REST OF THE WORLD
942 _n0
948 _c04/03/1997
999 _c96074
_d96074